000 00226 a2200097 4500
001 13923
100 _aBoone J A
245 _aTheComplete Short Stories of W S Mangham
260 _aLondon
_bHeinemann
_c
090 _c10891
_d10891
942 _aNUST-CAE
_cM
_c993
999 _c248996
_d248996